000 00770nam a2200193 a 4500
001 000029795
003 OSt
005 20250607073643.0
008 110426s1991 dr 000 0 spa d
040 _aDO-SdBNP
_bspa
_cBNPHU
049 _aBNPD
245 0 0 _aManual de normas de vigilancia epidemiológica de la infección por el Virus de la Inmunodeficiencia humana (VIH) y el síndrome de Inmunodeficiencia adquirida (SIDA) /.
260 _aSanto Domingo :
_bSESPAS
_bPROCETS,
_c1991.
300 _a64 p. ;
_c22 cm.
504 _aBibliografía : p. 64
710 1 _aRepública Dominicana.
_b Secretaria de Estado de Salud Pública y Asistencia Social (2001)
_956549
710 2 _aPrograma Control Enfermedades de Transmisión Sexual y SiDA
_956550
942 _2ddc
_cLBS1
999 _c29287
_d29287